| 000 | 00625cam a2200229 a 4500 | ||
|---|---|---|---|
| 020 | _a9780073378756 (alk. paper) | ||
| 020 | _a0073378755 (alk. paper) | ||
| 020 | _a9780077287351 (alk. paper) | ||
| 020 | _a0077287355 (alk. paper) | ||
| 040 | _cDLC | ||
| 082 | 0 | 0 | _a371 MCG 2010 A115 Or. |
| 100 | 1 | _aSadker, David Miller, | |
| 245 | 1 | 0 | _aTeachers, schools, and society / |
| 250 | _a9th ed. | ||
| 260 |
_aNew York : _bMcGraw-Hill, _c2010. |
||
| 300 |
_axxiv, 473 p. : _bcol. ill. ; _c27 cm. |
||
| 650 | 0 | _aTeaching. | |
| 650 | 0 | _aEducation | |
| 650 | 0 | _aTeachers | |
| 700 | 1 | _aZittleman, Karen R. | |
| 942 | _cAEDBB | ||
| 999 |
_c17481 _d17481 |
||